[Event "ARG-ch U16 Girls"]
[Site "La Falda"]
[Date "2015.03.22"]
[Round "5"]
[White "Parroni, Violeta"]
[Black "Gerosa Destribats, Victoria"]
[Result "1-0"]
[WhiteElo "1546"]
[BlackElo "1582"]
[PlyCount "45"]
[EventDate "2015.03.19"]
[EventType "tourn"]
[EventRounds "10"]
[EventCountry "ARG"]
[SourceTitle "EXT 2016"]
[Source "ChessBase"]
[SourceDate "2015.10.08"]
[SourceVersion "1"]
[SourceVersionDate "2015.10.08"]
[SourceQuality "1"]

1. d4 Nf6 2. c4 g6 3. Nc3 Bg7 4. e4 d6 5. Nf3 0-0 6. h3 Nbd7 7. Be3 e5 8. d5 Nh5 9. g3 a6 10. Nd2 Qe8 11. Be2 Ndf6 12. h4 Bh8 13. Rg1 Qd7 14. g4 Ng7 15. h5 c6 16. h6 Nge8 17. g5 Nh5 18. Bxh5 gxh5 19. Qxh5 c5 20. 0-0-0 Qh3 21. Qe2 f5 22. Rh1 Qg4 23. f3 1-0